Open Data Biblioteca Nacional de Portugal


República Portuguesa: Ministério da Cultura
Biblioteca Nacional de Portugal

Catálogo da BNP: acesso por Identificadores Unívocos
Registos Bibliográficos associados ao registo de autoridade

Etiqueta de registo: 00254nam 2200025 450
001 2279913
003 http://id.bnportugal.gov.pt/bib/catbnp/2279913
010 ## $a978-989-9268-20-3
021 ## $aPT$b546881/25
100 ## $a20260313d2025 c y0pory01030103ba
101 0# $apor
102 ## $aPT
105 ## $aa z 000fy
106 ## $ar
200 1# $a A coragem da Kira$e a descoberta da purpurina na viagem de sermos nós próprios$fChandni Manilal$gil. Carla Silva
205 ## $a1ª ed
210 #9 $a[S.l.]$cOficina da Escrita,$d2025
215 ## $a55, [1] p.$cil.$d20 cm
675 ## $a087.5$vBN$zpor$3287999
675 ## $a821.134.3-93"20"$vBN$zpor$31046482
700 #1 $aManilal,$bChandni$31991153
702 #1 $aSilva,$bCarla$4440$31294952
801 #0 $aPT$bBN$gRPC
856 41 $uhttp://rnod.bnportugal.gov.pt/ImagesBN/winlibimg.aspx?skey=&doc=2279913&img=220730&save=true
900 ## $aBIBNAC$d20260401
966 ## $lBN$mFGMON$sP. 30847 P.$x1
971 ## $cisantos$d20260313
972 ## $e0$z0$d20260401$vlrevez
973 ## $cigoulao$d20260325
975 ## $e0$d20260408$viquintas

OpendataBNP@bnportugal.pt | Mais informação sobre acesso aos dados BNP